书目信息 |
| 题名: |
管翅式换热设备高效强化传热的理论与实验研究
|
|
| 作者: | 王煜 著 | |
| 分册: | ||
| 出版信息: | 西安 西安电子科技大学出版社 2020.04 |
|
| 页数: | 182页 | |
| 开本: | 26cm | |
| 丛书名: | ||
| 单 册: | ||
| 中图分类: | TK172 | |
| 科图分类: | ||
| 主题词: | 换热器--huan re qi--研究 | |
| 电子资源: | ||
| ISBN: | 978-7-5606-5585-7 | |
| 000 | 00962nam0 2200241 450 | |
| 001 | 202020141014 | |
| 005 | 20200926181358.0 | |
| 010 | @a978-7-5606-5585-7@dCNY30.00 | |
| 100 | @a20200919d2020 em y0chiy50 ea | |
| 101 | 0 | @achi |
| 102 | @aCN@b610000 | |
| 105 | @aa a 000yy | |
| 106 | @ar | |
| 200 | 1 | @a管翅式换热设备高效强化传热的理论与实验研究@Aguan chi shi huan re she bei gao xiao qiang hua chuan re de li lun yu shi yan yan jiu@f王煜著 |
| 210 | @a西安@c西安电子科技大学出版社@d2020.04 | |
| 215 | @a182页@c图@d26cm | |
| 320 | @a有书目 (第165-182页) | |
| 330 | @a本书以工业中应用相当广泛的管翅式气体换热设备为研究对象, 围绕着提高其性能, 实现高效低阻的目的, 分别从管外翅片的改进、强化换热管的提出以及换热器流路的综合设计等3个途径着手, 开展了换热设备高效强化传热技术的理论和实验研究。 | |
| 606 | 0 | @a换热器@Ahuan re qi@x研究 |
| 690 | @aTK172@v5 | |
| 701 | 0 | @a王煜@Awang yu@4著 |
| 801 | 0 | @aCN@c20200509 |
| 905 | @a河南城建学院图书馆@dTK172@eW448 | |
| 管翅式换热设备高效强化传热的理论与实验研究/王煜著.-西安:西安电子科技大学出版社,2020.04 |
| 182页:图;26cm |
| ISBN 978-7-5606-5585-7:CNY30.00 |
| 本书以工业中应用相当广泛的管翅式气体换热设备为研究对象, 围绕着提高其性能, 实现高效低阻的目的, 分别从管外翅片的改进、强化换热管的提出以及换热器流路的综合设计等3个途径着手, 开展了换热设备高效强化传热技术的理论和实验研究。 |
| ● |
| 相关链接 |
|
|
|
正题名:管翅式换热设备高效强化传热的理论与实验研
索取号:TK172/W448
 
预约/预借
| 序号 | 登录号 | 条形码 | 馆藏地/架位号 | 状态 | 备注 |
| 1 | 1491168 | 214911684 | 自科库501/501自科库 136排3列2层/ [索取号:TK172/W448] | 在馆 |